000 00342nam a2200145Ia 4500
008 230917s9999||||xx |||||||||||||| ||und||
040 _e130453
_aMAIN
041 _aEnglish
082 _a338.6 K953E
100 _aKudsia, K
245 0 _aEconomic organisation and development
260 _bMatrop
_c1963
300 _a303 p.
942 _cBK
999 _c157466
_d157466